000 00495nam a22001697a 4500
999 _c3834
_d3834
003 OSt
005 20181122181612.0
008 181122b ||||| |||| 00| 0 eng d
040 _cDLC
082 _a254.5
_bC663C
100 _aCocharan, George
245 _aThe Church:
_bGod's Glorious Work On Earth /
_cBy George Cochran.
260 _aWest Virginia:
_bJohnson Avenue United Methodist Church,
_c1986.
300 _a39 p.:
650 _aGlorious Work On Earth
_xCochran, George
942 _2ddc
_cBK